000 02580cam a22005055i 4500
001 data
005 20260322212112.0
006 data
007 data
008 data
035 _a21816764
906 _a0
_bibc
_corigres
_du
_encip
_f20
_gy-gencatlg
925 0 _aacquire
_epcnspringer
_xpolicy default
010 _a 2019762507
020 _a9789811077128
024 7 _a10.1007/978-981-10-7712-8
_2doi
035 _a(DE-He213)978-981-10-7712-8
040 _aDLC
_beng
_erda
_erda
_cDLC
072 7 _aBUS041000
_2bisacsh
072 7 _aKJM
_2bicssc
072 7 _aKJM
_2thema
082 0 4 _a658
_223
097 0 0 _aHD28-70
100 1 _aLin, Haifen,
_eauthor.
245 1 0 _aAdoptive Management Innovation /
_cby Haifen Lin.
250 _a1st ed. 2018.
264 1 _aSingapore :
_bImprint: Springer,
_bImprint: Springer,
_c2018.
300 _a1 online resource (XV, 228 pages)
336 _atext
_btxt
_2rdacontent
337 _acomputer
_bc
_2rdamedia
338 _aonline resource
_bcr
_2rdacarrier
347 _atext file
_bPDF
_2rda
520 _aThis book discusses adoptive management innovation, which has been successfully implemented in other areas. It proposes a theory on this field by considering the importance and popularity of adoptive management innovation in China and around the globe, and focusing on its nature. It also establishes a process framework through which adoptive management innovation occurs, explores how individual characteristics of individual managers affect their adoption decision, examines the effects of a firm's dynamic capability on each phase of adoptive innovation, and addresses how intangible management innovation supports the process of tangible product innovation to produce effects. By exploring the process, adoption decision, drivers and effects of adoptive management innovation, the book offers abundant applications for managerial practice.
588 _aDescription based on publisher-supplied MARC data.
650 0 _aIndustrial management.
650 0 _aManagement.
650 1 4 _aManagement.
_0https://scigraph.springernature.com/ontologies/product-market-codes/515000
650 2 4 _aInnovation/Technology Management.
_0https://scigraph.springernature.com/ontologies/product-market-codes/518000
776 0 8 _iPrint version:
_tAdoptive management innovation.
_z9789811077111
_w(DLC) 2018933501
776 0 8 _iPrinted edition:
_z9789811077111
776 0 8 _iPrinted edition:
_z9789811077135
776 0 8 _iPrinted edition:
_z9789811339820
985 _aspringerpcn
_ebatch7
991 _as-Online
_hElectronic Resource
999 _c1680
_d1680